| 000 | 00950nac a22002291u 4500 | ||
|---|---|---|---|
| 010 | _a 91024304 | ||
| 020 | _a0471839442 | ||
| 082 | 0 | 0 |
_a621.3 _bS6421 |
| 090 |
_c4107 _d4107 |
||
| 100 | _aSmith, Ralph Judson. | ||
| 245 | 1 | 0 |
_aCircuits, devices, and systems : _ba first course in electrical engineering / _cRalph J. Smith, Richard C. Dorf. |
| 250 | _a5th ed. | ||
| 260 |
_aNew York : _bWiley, _cc1992. |
||
| 300 |
_axi, 868 p. : _bill. (some col.) ; _c26 cm. |
||
| 504 | _aIncludes bibliographical references and index. | ||
| 650 | 0 | _aElectric engineering. | |
| 700 | 1 | _aDorf, Richard C. | |
| 856 | 4 | 2 |
_3Publisher description _uhttp://www.loc.gov/catdir/description/wiley034/91024304.html |
| 856 | 4 | 2 |
_3Table of Contents _uhttp://www.loc.gov/catdir/toc/onix05/91024304.html |
| 942 |
_cBB _k621.3S6421 |
||
| 999 |
_c4107 _d4107 |
||